|
|
|
|
| LEADER |
00000nam0a2200000 4500 |
| 001 |
25456 |
| 005 |
20231101205653.0 |
| 010 |
|
|
|a 5942270287
|
| 035 |
|
|
|a (RuTPU)RU\TPU\book\25692
|
| 035 |
|
|
|a BOOK00025767
|
| 090 |
|
|
|a 25456
|
| 100 |
|
|
|a 20011209d2001 m y0rusy50 ca
|
| 101 |
0 |
|
|a rus
|
| 102 |
|
|
|a RU
|
| 105 |
|
|
|a y j 001zy
|
| 200 |
1 |
|
|a Теория и практика оценки конкурентоспособности товаров и услуг
|e учебное пособие
|f И. М. Лифиц
|
| 210 |
|
|
|a Москва
|c Юрайт
|d 2001
|
| 215 |
|
|
|a 221 с.
|
| 320 |
|
|
|a Библиогр.: с. 218-221.
|
| 606 |
1 |
|
|a Торговля
|x Экономика
|2 stltpush
|3 (RuTPU)RU\TPU\subj\37078
|9 58228
|
| 610 |
1 |
|
|a экономика
|
| 610 |
1 |
|
|a торговля
|
| 610 |
1 |
|
|a товары
|
| 610 |
1 |
|
|a услуги
|
| 610 |
1 |
|
|a теория
|
| 610 |
1 |
|
|a конкурентоспособность
|
| 610 |
1 |
|
|a оценка
|
| 610 |
1 |
|
|a учебные пособия
|
| 686 |
|
|
|a У9(2)42я73
|v LBC/SL-A
|2 rubbk
|
| 700 |
|
1 |
|a Лифиц
|b И. М.
|g Иосиф Моисеевич
|
| 801 |
|
0 |
|a RU
|b 63413507
|c 20011209
|g PSBO
|
| 801 |
|
2 |
|a RU
|b 63413507
|c 20140113
|g PSBO
|
| 942 |
|
|
|c BK
|